| 000 | 00558nam a22001817a 4500 | ||
|---|---|---|---|
| 999 |
_c194495 _d194495 |
||
| 005 | 20221223154522.0 | ||
| 010 | _aENG-135932 | ||
| 020 |
_a9789395422307 _c600.00 |
||
| 035 | _aEN-119464 | ||
| 037 | _bDBAD/PUB | ||
| 082 | _a370.117 | ||
| 100 | _aAnil, M.P. | ||
| 245 |
_aIndigenous Education-A Critical Analysis/ _cby M.P.Anil |
||
| 260 |
_aTamil Nadu _bShanlax Publication, _c2022 |
||
| 270 |
_bMadurai _a61,66 T.P.K. Main Road,Vasantha Nagar, _e625003 |
||
| 300 |
_avi, 168p. _c25cm(pbk) _bReferencs |
||
| 942 |
_2ddc _cEN _mANI _h370.117 |
||